Szczegóły MARC21

Biomechanika judo /

003 -Nazwa inst., której nr kontr. jest w polu 001 [,]
    • @
    • Nazwa instytucji, której n kontrolny jest w polu 001
    • NUKAT
005 -DATA I CZAS OSTATNIEJ MODYFIKACJI [,]
    • @
    • pole kontrolne
    • 20241231101356.0
020 -Międzynarod. znormalizowany nr książki - ISBN [ , ]
    • a
    • Numer ISBN
    • 9788389227744 Find
040 -Instytucja sporządzająca opis [ , ]
    • a
    • Instytucja, która sporządziła opis (NP)
    • GD 88/MSz
    • c
    • Instytucja, która sporządziła rekord (NP)
    • GD 88/MSz
    • d
    • Instytucja, która zmodyfikowała rekord (P)
    • GD 88/MSz
    • d
    • Instytucja, która zmodyfikowała rekord (P)
    • KR 122/AKs
041 -Język dokumentu [0, ]
    • a
    • Język tekstu (P)
    • polski
    • b
    • Język streszczeń lub abstraktu (P)
    • angielski
942 -Rodzaj dokumentu [ , ]
    • c
    • Rodzaj dokumentu
    • Książka
100 -Hasło główne - nazwa osobowa [1, ]
    • a
    • Nazwa osobowa (NP)
    • Erdmann, Włodzimierz S.
    • d
    • Daty biograficzne (NP)
    • (1949- ).
    • 9
    • KHW
    • 51535
245 -Strefa tytułu i oznaczenia odpowiedzialności [1,0]
    • a
    • Tytuł
    • Biomechanika judo / Find
    • c
    • Pozostałe elementy strefy tytułu i oznaczenia odpowiedzialności (NP)
    • Włodzimierz Stefan Erdmann, Ryszard Zieniawa.
260 -Strefa adresu wydawniczego [ , ]
    • a
    • Miejsce wydania (P)
    • Gdańsk :
    • b
    • Nazwa wydawcy (P)
    • Wydawnictwo Uczelniane Akademii Wychowania Fizycznego i Sportu,
    • c
    • Data wydania (P)
    • 2011.
300 -Strefa opisu fizycznego [ , ]
    • a
    • Określenie formy książki i/lub objętość (NP)
    • 300 s. :
    • b
    • Oznaczenie ilustracji (NP)
    • il. ;
    • c
    • Format (NP)
    • 25 cm.
336 -Typ zawartości [ , ]
    • a
    • Termin opisujący typ zawartości
    • Tekst
    • b
    • Kod określający zawartość
    • txt
    • 2
    • Źródło (terminu i kodu)
    • rdacontent
337 -Typ mediów [ , ]
    • a
    • Tryb odtwarzania
    • Bez urządzenia pośredniczącego
    • b
    • Kod typu mediów
    • n
    • 2
    • Źródło (terminu i kodu)
    • rdamedia
338 -Typ/rodzaj nośnika [ , ]
    • a
    • Hasło opisujące typ nośnika
    • Wolumin
    • b
    • Kod typu nośnika
    • nc
    • 2
    • Źródło (terminu i kodu)
    • rdacarrier
504 -Uwaga dot. bibliogr. załącznikowej [ , ]
    • a
    • Uwaga dot. bibliografii załącznikowej
    • Bibliogr. s. 259-279. Indeks.
546 -Uwaga dot. języka [ , ]
    • a
    • Uwaga dot. języka
    • Streszcz. ang.
080 -Uniwersalna Klasyfikacja Dziesiętna [ , ]
    • 2
    • Identyfikator wydania tablic
    • UDC-P058
    • 9
    • UKD
    • 20721
    • a
    • Symbol klasyfikacji
    • 796.853.23.012
    • b
    • Dopowiedzenie
    • Dżudo. - Fizjologia sportu. Fizjologia wysiłku. Motoryka.
080 -Uniwersalna Klasyfikacja Dziesiętna [ , ]
    • 2
    • Identyfikator wydania tablic
    • UDC-P058
    • 9
    • UKD
    • 4389
    • a
    • Symbol klasyfikacji
    • 577.3
    • b
    • Dopowiedzenie
    • Fizyczne i fizykochemiczne podstawy życia. Biofizyka i chemia biofizyczna. Biomechanika. Bioenergetyka. Biorytm. Fizyka i fizykochemia protein. Fizyka i chemia fizyczna kwasów nukleinowych. Biofizyka enzymów. Bionika.
650 -Hasło przedmiotowe [ ,7]
    • a
    • Hasło przedmiotowe
    • Judo.
    • 2
    • Źródło terminu
    • kaba
    • 9
    • KHW
    • 145311
650 -Hasło przedmiotowe [ ,7]
    • a
    • Hasło przedmiotowe
    • Biomechanika.
    • 2
    • Źródło terminu
    • kaba
    • 9
    • KHW
    • 103276
980 -Symbol UKD [ , ]
    • a
    • UKD
    • 796.853.23.012:577.3
700 -Hasło dodatkowe - nazwa osobowa [1, ]
    • a
    • Nazwa osobowa (NP)
    • Zieniawa, Ryszard Find
    • d
    • Daty biograficzne (NP)
    • (1933- ).
    • 9
    • KHW
    • 51536
710 -Hasło dodatkowe - nazwa ciała zbiorowego [2, ]
    • a
    • Nazwa ciała zbiorowego lub nazwa geograficzna jako pierwszy element (NP)
    • Akademia Wychowania Fizycznego i Sportu im. Jędrzeja Śniadeckiego (Gdańsk).
    • b
    • Nazwa jednostki podrzędnej (P)
    • Wydawnictwo Uczelniane.
    • 4
    • Kod relacji
    • pbl
    • 9
    • KHW
    • 54628
920 -ISBN [ , ]
    • a
    • ISBN
    • 978-83-89227-74-4 Find
Numer inwentarzowy Lokalizacja Status udost. Sygnatura Data inwentaryzacji
WF.9107BM1Biomechanika 172012-10-01